[Event "121st YMCA Spring C"]
[Site "Warszawa"]
[Date "2013.05.28"]
[Round "10"]
[White "Wilczynski, Adam"]
[Black "Staniak, Mariusz"]
[Result "1/2-1/2"]
[WhiteElo "1673"]
[BlackElo "1821"]
[PlyCount "113"]
[EventDate "2013.04.10"]
[EventType "tourn"]
[EventRounds "1"]
[EventCountry "POL"]
[SourceDate "2013.04.10"]

1. Nf3 Nf6 2. c4 e6 3. g3 d5 4. Bg2 Be7 5. O-O O-O 6. Qc2 c6 7. b3 Nbd7 8. Bb2
b6 9. d3 Bb7 10. Nbd2 c5 11. e3 Rc8 12. Rad1 Qc7 13. Qb1 Rfd8 14. Rfe1 Bf8 15.
Qa1 Qb8 16. a4 a5 17. Nb1 Qa8 18. Ne5 Nxe5 19. Bxe5 Ng4 20. Bc3 dxc4 21. Bxb7
Qxb7 22. h3 Nh6 23. bxc4 Qf3 24. Qb2 Qf5 25. Kg2 Rxd3 26. Rxd3 Qxd3 27. Qxb6
Qxc4 28. Qxa5 Qe4+ 29. f3 Qc2+ 30. Bd2 Nf5 31. Na3 Qa2 32. Qc3 Rd8 33. Re2 Be7
34. Nc4 Bf6 35. Qc1 Qxa4 36. Kf2 h5 37. f4 Qc6 38. Ba5 Rd3 39. Rd2 Rxd2+ 40.
Nxd2 h4 41. g4 Ng3 42. g5 Qb5 43. Nc4 Bb2 44. Qc2 Ba3 45. Bc7 Qc6 46. Nxa3 Qxc7
47. Qd3 Qc6 48. Qd8+ Kh7 49. Qd3+ g6 50. Nc4 Qh1 51. Ne5 Ne4+ 52. Ke2 Qg2+ 53.
Ke1 Qg1+ 54. Ke2 Qg2+ 55. Ke1 Qg1+ 56. Ke2 Qg2+ 57. Ke1 1/2-1/2

[Event "121st YMCA Spring C"]
[Site "Warszawa"]
[Date "2013.04.12"]
[Round "10"]
[White "Potocki, Karol"]
[Black "Krzyzanowski, Antoni"]
[Result "1-0"]
[WhiteElo "1874"]
[BlackElo "1723"]
[PlyCount "43"]
[EventDate "2013.04.10"]
[EventType "tourn"]
[EventRounds "1"]
[EventCountry "POL"]
[SourceDate "2013.04.10"]

1. e4 c6 2. d4 d5 3. e5 c5 4. c3 cxd4 5. cxd4 Nc6 6. Nc3 f6 7. f4 e6 8. Nf3 Qb6
9. Be2 Bd7 10. O-O O-O-O 11. Na4 Qc7 12. Bd2 g5 13. Rc1 gxf4 14. b4 a6 15. Nc5
Bxc5 16. Rxc5 Kb8 17. b5 axb5 18. Bxb5 Qb6 19. Bxc6 Bxc6 20. Ba5 Qa7 21. Bxd8
fxe5 22. Ra5 1-0

[Event "121st YMCA Spring C"]
[Site "Warszawa"]
[Date "2013.05.17"]
[Round "11"]
[White "Staniak, Mariusz"]
[Black "Potocki, Karol"]
[Result "1-0"]
[WhiteElo "1821"]
[BlackElo "1874"]
[PlyCount "59"]
[EventDate "2013.04.10"]
[EventType "tourn"]
[EventRounds "1"]
[EventCountry "POL"]
[SourceDate "2013.04.10"]

1. c4 e6 2. Nc3 d5 3. d4 c6 4. Nf3 Nf6 5. e3 Nbd7 6. Bd3 dxc4 7. Bxc4 b5 8. Bd3
Bb7 9. e4 a6 10. O-O Qc7 11. e5 Nd5 12. Nxd5 cxd5 13. Bd2 Be7 14. Rc1 Qb6 15.
Qe2 O-O 16. Rfe1 b4 17. Bg5 Bxg5 18. Nxg5 h6 19. Nh7 Rfc8 20. Rxc8+ Rxc8 21.
Qg4 Qd8 22. h4 Qe7 23. h5 Nf8 24. Nf6+ Kh8 25. Re3 gxf6 26. Rg3 Ng6 27. hxg6
fxg6 28. Qxg6 f5 29. Qxh6+ Qh7 30. Qf6+ 1-0

[Event "121st YMCA Spring C"]
[Site "Warszawa"]
[Date "2013.06.11"]
[Round "11"]
[White "Powalka, Michal"]
[Black "Wilczynski, Adam"]
[Result "1-0"]
[WhiteElo "1835"]
[BlackElo "1673"]
[PlyCount "97"]
[EventDate "2013.04.10"]
[EventType "tourn"]
[EventRounds "1"]
[EventCountry "POL"]
[SourceDate "2013.04.10"]

1. e4 c5 2. Nf3 e6 3. d4 cxd4 4. Nxd4 a6 5. Bd3 Nf6 6. Nc3 Qc7 7. O-O Nc6 8.
Nb3 Be7 9. f4 d6 10. Kh1 b5 11. Qf3 Bb7 12. Be3 Nb4 13. Qg3 O-O 14. f5 Kh8 15.
Qh3 e5 16. g4 d5 17. g5 dxe4 18. Be2 Nxc2 19. gxf6 Bxf6 20. Rac1 Nxe3 21. Qxe3
Qe7 22. Rcd1 Bg5 23. Qc5 Qe8 24. Na5 Rb8 25. Nxb7 Rxb7 26. Nxe4 Qe7 27. Qc6 f6
28. Nd6 Rc7 29. Qxa6 Be3 30. Qxb5 Bd4 31. Nc4 Rc5 32. Qa6 Qc7 33. b3 Rc6 34.
Qa4 Qc8 35. Qb4 g5 36. a4 Kg7 37. Bh5 Qd7 38. Bf3 Rc7 39. Be4 h5 40. Qe1 Rb8
41. Rd3 Rcb7 42. Qd1 g4 43. h3 Rc7 44. hxg4 Rh8 45. g5 Qe8 46. gxf6+ Kxf6 47.
Rxd4 exd4 48. Qxd4+ Ke7 49. Qd6+ 1-0

[Event "121st YMCA Spring C"]
[Site "Warszawa"]
[Date "2013.06.18"]
[Round "11"]
[White "Szukalski, Antoni"]
[Black "Barc, Michal"]
[Result "1/2-1/2"]
[WhiteElo "1787"]
[BlackElo "1854"]
[PlyCount "117"]
[EventDate "2013.04.10"]
[EventType "tourn"]
[EventRounds "1"]
[EventCountry "POL"]
[SourceDate "2013.04.10"]

1. e4 d6 2. d4 Nf6 3. Nc3 c6 4. Nf3 g6 5. Be2 Bg7 6. O-O O-O 7. Be3 Bg4 8. Qd2
Bxf3 9. Bxf3 Nbd7 10. Rad1 Qc7 11. Be2 b5 12. Bf3 a6 13. Ne2 Rad8 14. Ng3 e5
15. c3 Rfe8 16. Rfe1 Nb6 17. Qc1 Nc4 18. Bg5 Rd7 19. b3 Nb6 20. Be3 Red8 21.
Bg5 c5 22. d5 c4 23. b4 Ra8 24. Qd2 a5 25. a3 axb4 26. axb4 Qb8 27. Ra1 Rda7
28. Qb2 Ra4 29. Be3 h5 30. Rxa4 Rxa4 31. Ra1 Nfd7 32. Bd1 Ra7 33. Ra5 Rxa5 34.
bxa5 Nc8 35. a6 Nc5 36. Qa3 Qb6 37. Bxc5 dxc5 38. Nf1 Na7 39. Ne3 Bh6 40. Nc2
Bd2 41. Be2 b4 42. cxb4 cxb4 43. Qa4 b3 44. Qe8+ Kg7 45. Na3 c3 46. Qxe5+ Kh7
47. Bd3 c2 48. Nxc2 bxc2 49. Bxc2 Qxa6 50. g3 Nb5 51. Bd3 Bc3 52. Qe8 Nd6 53.
Qxf7+ Nxf7 54. Bxa6 Kg7 55. f4 g5 56. e5 h4 57. fxg5 hxg3 58. hxg3 Bxe5 59. Kg2
1/2-1/2

[Event "121st YMCA Spring C"]
[Site "Warszawa"]
[Date "2013.04.23"]
[Round "11"]
[White "Skwarek, Hubert"]
[Black "Slomski, Arkadiusz"]
[Result "1-0"]
[WhiteElo "1644"]
[BlackElo "1725"]
[PlyCount "67"]
[EventDate "2013.04.10"]
[EventType "tourn"]
[EventRounds "1"]
[EventCountry "POL"]
[SourceDate "2013.04.10"]

1. c4 e6 2. g3 f5 3. Bg2 Nf6 4. Nf3 Be7 5. O-O O-O 6. Nc3 c6 7. d3 d5 8. e4
fxe4 9. dxe4 dxc4 10. Qe2 b5 11. Rd1 Qb6 12. Be3 Bc5 13. Bxc5 Qxc5 14. e5 Nd5
15. Ne4 Qb6 16. Nd6 Bd7 17. a4 a6 18. Nd4 c5 19. N4f5 Nc6 20. Bxd5 exd5 21. e6
Be8 22. axb5 Nd4 23. Qg4 g6 24. e7 Rf6 25. Rxa6 Rxa6 26. Nxe8 Rxf5 27. Nf6+
Rxf6 28. Qc8+ Kg7 29. e8=Q Ra7 30. Qh8+ Kh6 31. Qh3+ Kg5 32. f4+ Rxf4 33. Qe5+
Rf5 34. Qh4# 1-0

[Event "121st YMCA Spring C"]
[Site "Warszawa"]
[Date "2013.05.31"]
[Round "12"]
[White "Rodak , Przemyslaw"]
[Black "Skwarek, Hubert"]
[Result "1-0"]
[WhiteElo "1667"]
[BlackElo "1644"]
[PlyCount "63"]
[EventDate "2013.04.10"]
[EventType "tourn"]
[EventRounds "1"]
[EventCountry "POL"]
[SourceDate "2013.04.10"]

1. d4 Nf6 2. c4 c5 3. d5 e6 4. Nc3 exd5 5. Nxd5 Nxd5 6. Qxd5 d6 7. Bf4 Qa5+ 8.
Bd2 Qa6 9. b3 Nc6 10. Nf3 Be6 11. Qe4 O-O-O 12. g3 d5 13. cxd5 Bxd5 14. Qf4 Qa3
15. Bh3+ Be6 16. Bxe6+ fxe6 17. O-O Be7 18. Bc3 Rhf8 19. Qe4 Bf6 20. Qxe6+ Kb8
21. Bxf6 Rxf6 22. Qg4 Rg6 23. Qh4 h6 24. Ne5 Rd4 25. Qh5 Rgd6 26. Nc4 Rxc4 27.
bxc4 Nd4 28. e3 Nc2 29. Rad1 Rxd1 30. Rxd1 a6 31. Rd8+ Ka7 32. Qd1 1-0

[Event "121st YMCA Spring C"]
[Site "Warszawa"]
[Date "2013.06.04"]
[Round "12"]
[White "Moskwinski, Marek"]
[Black "Szukalski, Antoni"]
[Result "0-1"]
[WhiteElo "1772"]
[BlackElo "1787"]
[PlyCount "54"]
[EventDate "2013.04.10"]
[EventType "tourn"]
[EventRounds "1"]
[EventCountry "POL"]
[SourceDate "2013.04.10"]

1. e4 c6 2. d4 d5 3. exd5 cxd5 4. c4 e6 5. Nc3 Nf6 6. Nf3 Nc6 7. Bf4 a6 8. Rc1
Be7 9. a3 dxc4 10. Bxc4 b5 11. Ba2 Bb7 12. O-O O-O 13. Re1 b4 14. axb4 Nxb4 15.
Bb1 Bxf3 16. gxf3 Nbd5 17. Be5 Bb4 18. Qd3 g6 19. Kh1 Nh5 20. Rg1 Rc8 21. Ba2
Ndf4 22. Qxa6 Qh4 23. Ne4 Rxc1 24. Rxc1 Qh3 25. Bxf4 Nxf4 26. Qf1 Qxf3+ 27. Kg1
Nh3+ 0-1

[Event "121st YMCA Spring C"]
[Site "Warszawa"]
[Date "2013.06.12"]
[Round "12"]
[White "Wilczynski, Adam"]
[Black "Sawicki, Wojciech"]
[Result "1/2-1/2"]
[WhiteElo "1673"]
[BlackElo "1797"]
[Annotator "Admin"]
[PlyCount "194"]
[EventDate "2013.04.10"]
[EventType "tourn"]
[EventRounds "1"]
[EventCountry "POL"]
[SourceDate "2013.04.10"]

1. c4 Nf6 2. g3 g6 3. Bg2 Bg7 4. Nc3 O-O 5. Nf3 d6 6. O-O e5 7. d4 Nbd7 8. e4
exd4 9. Nxd4 Re8 10. h3 Nc5 11. Re1 a5 12. Nb3 Nfd7 13. Nxc5 Nxc5 14. Qc2 f5
15. Bd2 fxe4 16. Nxe4 Bf5 17. f3 Bd4+ 18. Be3 Bxe4 19. fxe4 Qf6 20. Bxd4 Qxd4+
21. Kh2 Rf8 22. Rad1 Rf2 23. Re2 Rxe2 24. Qxe2 Qe5 25. Rd5 Qf6 26. e5 Re8 27.
Qg4 h5 28. Qf4 Qxf4 29. gxf4 Rd8 30. Kg3 b6 31. exd6 Rxd6 32. Rxd6 cxd6 33.
Bd5+ Kg7 34. a3 Kf6 35. b4 axb4 36. axb4 Nd3 37. b5 Kf5 38. Kf3 Nxf4 39. Be4+
Ke5 40. h4 g5 41. hxg5 Ne6 42. Bd5 Nxg5+ 43. Kg3 Ne4+ 44. Kh4 Nc3 45. Bf7 d5
46. cxd5 Nxb5 47. Be8 Nc7 48. Bc6 Nxd5 49. Kxh5 Kd6 50. Ba4 Nc3 51. Be8 Ne4 52.
Kh4 Nc5 53. Bb5 Ne6 54. Kg3 Nd4 55. Ba4 Kc5 56. Kf2 Kb4 57. Be8 Kc5 58. Ke3 Nc6
59. Kd2 b5 60. Kc3 b4+ 61. Kb2 Nd4 62. Bf7 Kb5 63. Be8+ Kc4 64. Bf7+ Kd3 65.
Bg6+ Kd2 66. Bh7 Ke3 67. Bg6 Kf4 68. Bd3 Ke5 69. Bh7 Kd6 70. Bg8 Nc6 71. Bf7
Kc5 72. Bb3 Kd4 73. Bg8 Na5 74. Bf7 Kc5 75. Bg8 Nc4+ 76. Bxc4 Kxc4 77. Kc2 $11
Kb5 78. Kb2 Kb6 79. Kb3 Kc5 80. Kb2 Kd4 81. Kb3 Kc5 82. Kb2 Kb5 83. Kb3 Ka5 84.
Kb2 Ka4 85. Ka2 b3+ 86. Kb2 Kb4 87. Kb1 Ka3 88. Ka1 Ka4 89. Kb2 Kb4 90. Kb1 Kc3
91. Kc1 Kd3 92. Kb2 Kc4 93. Kb1 Kb5 94. Kb2 Kc4 95. Kb1 Kc3 96. Kc1 b2+ 97. Kb1
Kb3 1/2-1/2

[Event "121st YMCA Spring C"]
[Site "Warszawa"]
[Date "2013.05.30"]
[Round "12"]
[White "Potocki, Karol"]
[Black "Powalka, Michal"]
[Result "1-0"]
[WhiteElo "1874"]
[BlackElo "1835"]
[PlyCount "63"]
[EventDate "2013.04.10"]
[EventType "tourn"]
[EventRounds "1"]
[EventCountry "POL"]
[SourceDate "2013.04.10"]

1. c4 Nf6 2. g3 g6 3. Bg2 Bg7 4. Nf3 O-O 5. Nc3 d6 6. d4 Nbd7 7. O-O e5 8. e4
Re8 9. h3 exd4 10. Nxd4 Nc5 11. Re1 a5 12. b3 Nfd7 13. Be3 Ne5 14. Qc2 Bd7 15.
Rad1 Qc8 16. Kh2 f5 17. exf5 gxf5 18. Nd5 Ng6 19. f4 Qd8 20. Nxf5 Bxf5 21. Qxf5
Nd7 22. Bf2 Rf8 23. Qe6+ Kh8 24. Bd4 Nf6 25. Nxf6 Bxf6 26. Bxb7 Bxd4 27. Rxd4
a4 28. Bxa8 Qxa8 29. Qd5 Qa7 30. Rd2 axb3 31. axb3 Qb6 32. Qd4+ 1-0

[Event "121st YMCA Spring C"]
[Site "Warszawa"]
[Date "2013.06.05"]
[Round "12"]
[White "Krzyzanowski, Antoni"]
[Black "Staniak, Mariusz"]
[Result "1-0"]
[WhiteElo "1723"]
[BlackElo "1821"]
[PlyCount "55"]
[EventDate "2013.04.10"]
[EventType "tourn"]
[EventRounds "1"]
[EventCountry "POL"]
[SourceDate "2013.04.10"]

1. e4 c6 2. d4 d5 3. e5 Bf5 4. h4 h5 5. c4 dxc4 6. Bxc4 e6 7. Nc3 Nd7 8. Bg5
Qc7 9. f3 Ne7 10. g4 Bg6 11. Ne4 Nd5 12. Rc1 hxg4 13. Ne2 gxf3 14. N2g3 Bxe4
15. Nxe4 f2+ 16. Kxf2 f6 17. Qg4 O-O-O 18. Qxe6 fxg5 19. Bxd5 Kb8 20. Nxg5 Nxe5
21. dxe5 Rxd5 22. Nf3 Bc5+ 23. Kg3 Qb6 24. Rc2 Rf8 25. a3 Rd3 26. Rf1 Qb3 27.
Qxb3 Rxb3 28. Rxc5 1-0

[Event "121st YMCA Spring C"]
[Site "Warszawa"]
[Date "2013.06.19"]
[Round "13"]
[White "Powalka, Michal"]
[Black "Krzyzanowski, Antoni"]
[Result "0-1"]
[WhiteElo "1835"]
[BlackElo "1723"]
[PlyCount "54"]
[EventDate "2013.04.10"]
[EventType "tourn"]
[EventRounds "1"]
[EventCountry "POL"]
[SourceDate "2013.04.10"]

1. e4 d6 2. d4 Nf6 3. Nc3 g6 4. f4 Bg7 5. Nf3 O-O 6. Bd3 c5 7. d5 Bg4 8. O-O
Nbd7 9. Qe1 Rc8 10. Nd2 Nb6 11. a4 c4 12. Be2 a5 13. Nd1 Bxe2 14. Qxe2 e6 15.
dxe6 fxe6 16. e5 Nfd5 17. Qg4 Qd7 18. exd6 Bd4+ 19. Kh1 Nf6 20. Qe2 Qxd6 21. c3
Bc5 22. Nxc4 Nxc4 23. Qxc4 Nh5 24. Qe4 g5 25. c4 gxf4 26. Nc3 Rf5 27. Qxb7 Ng3+
0-1

[Event "121st YMCA Spring C"]
[Site "Warszawa"]
[Date "2013.06.19"]
[Round "13"]
[White "Sawicki, Wojciech"]
[Black "Potocki, Karol"]
[Result "0-1"]
[WhiteElo "1797"]
[BlackElo "1874"]
[PlyCount "64"]
[EventDate "2013.04.10"]
[EventType "tourn"]
[EventRounds "1"]
[EventCountry "POL"]
[SourceDate "2013.04.10"]

1. e4 e5 2. Nf3 Nc6 3. Bb5 a6 4. Ba4 Nf6 5. O-O Be7 6. Re1 b5 7. Bb3 O-O 8. c3
d6 9. d4 Bg4 10. d5 Na5 11. Bc2 c6 12. h3 Bh5 13. g4 Bg6 14. dxc6 Nxc6 15. Bg5
h5 16. Nh4 hxg4 17. Nxg6 fxg6 18. Bxf6 Qb6 19. Bb3+ Kh7 20. Qxg4 Bxf6 21. Nd2
Be7 22. Re3 Rf4 23. Qg2 Raf8 24. Rf1 Rxf2 25. Rxf2 Qxe3 26. Nf3 Na5 27. Bd5 Nc4
28. Kh2 Kh6 29. Rf1 Qf4+ 30. Kh1 Ne3 31. Qxg6+ Kxg6 32. Rg1+ Kh7 0-1

[Event "121st YMCA Spring C"]
[Site "Warszawa"]
[Date "2013.06.19"]
[Round "13"]
[White "Szukalski, Antoni"]
[Black "Wilczynski, Adam"]
[Result "1/2-1/2"]
[WhiteElo "1787"]
[BlackElo "1673"]
[PlyCount "155"]
[EventDate "2013.04.10"]
[EventType "tourn"]
[EventRounds "1"]
[EventCountry "POL"]
[SourceDate "2013.04.10"]

1. e4 c5 2. c3 Nf6 3. e5 Nd5 4. Nf3 Nc6 5. Bc4 Nb6 6. Be2 d6 7. exd6 e5 8. d3
Bxd6 9. Na3 O-O 10. O-O Be7 11. Nc2 Be6 12. Re1 Nd5 13. Bf1 Bf6 14. Ne3 Nc7 15.
Qc2 Be7 16. b3 Qd7 17. Bb2 Rfd8 18. Rad1 Rac8 19. Qb1 Qe8 20. d4 cxd4 21. cxd4
exd4 22. Nxd4 Nxd4 23. Bxd4 Bb4 24. Re2 Nb5 25. Bb2 Nc3 26. Bxc3 Bxc3 27. Nd5
Qf8 28. Nxc3 Rxc3 29. Red2 Rcc8 30. Bd3 g6 31. Be4 Rxd2 32. Rxd2 Qb4 33. Rd1 a5
34. h3 b6 35. Bb7 Bf5 36. Qb2 Re8 37. Kh2 Qc5 38. Bf3 h5 39. a3 Rc8 40. Kg1 Qc3
41. Qxc3 Rxc3 42. Bd5 Kg7 43. a4 Kf6 44. Bc4 Ke7 45. Rd5 Be6 46. Re5 Kf6 47.
Re3 Rc1+ 48. Kh2 Bxc4 49. bxc4 Rxc4 50. Ra3 h4 51. g3 Kg5 52. Kg2 f5 53. Kf3
Rb4 54. Ke2 Kh5 55. Kf3 g5 56. Kg2 g4 57. gxh4 Kxh4 58. hxg4 fxg4 59. Kh2 Rb1
60. Kg2 Rb2 61. Rc3 Rb4 62. Ra3 Kg5 63. f3 gxf3+ 64. Kxf3 Kf5 65. Ke3 Ke5 66.
Kd3 Kd5 67. Kc3 Kc5 68. Ra1 Rh4 69. Kb3 Rh3+ 70. Ka2 Rc3 71. Rb1 Rc4 72. Ka3
Kc6 73. Rb2 Rc3+ 74. Ka2 Rc1 75. Rb3 Rc2+ 76. Ka3 Rc5 77. Ka2 Rc4 78. Ka3
1/2-1/2

[Event "121st YMCA Spring C"]
[Site "Warszawa"]
[Date "2013.05.23"]
[Round "13"]
[White "Skwarek, Hubert"]
[Black "Barc, Michal"]
[Result "1/2-1/2"]
[WhiteElo "1644"]
[BlackElo "1854"]
[PlyCount "88"]
[EventDate "2013.04.10"]
[EventType "tourn"]
[EventRounds "1"]
[EventCountry "POL"]
[SourceDate "2013.04.10"]

1. d4 d5 2. g3 Nf6 3. Bg2 e6 4. Nf3 c5 5. e3 Nc6 6. O-O Bd6 7. Nbd2 O-O 8. Nb3
c4 9. Nbd2 Rb8 10. c3 b5 11. a3 a5 12. Re1 Ne4 13. Nxe4 dxe4 14. Nd2 f5 15. f3
exf3 16. Bxf3 Bb7 17. a4 Qc7 18. Qe2 b4 19. Qg2 Nd8 20. Bxb7 Nxb7 21. e4 e5 22.
dxe5 Bxe5 23. Nf3 bxc3 24. Nxe5 Qxe5 25. Bf4 Qd4+ 26. Be3 Qxe4 27. Qxe4 fxe4
28. bxc3 Nd8 29. Bf4 Rb3 30. Rxe4 Nf7 31. Re3 Rb7 32. Re4 g5 33. Be3 Nd6 34.
Re6 Re8 35. Rxe8+ Nxe8 36. Bxg5 Nd6 37. Bd8 Rb3 38. Bxa5 Ne4 39. Kf1 Rb2 40.
Kg1 Nd2 41. Bc7 Nf3+ 42. Kf1 Rxh2 43. Ra3 Nd2+ 44. Kg1 Nf3+ 1/2-1/2

[Event "121st YMCA Spring C"]
[Site "Warszawa"]
[Date "2013.06.19"]
[Round "13"]
[White "Slomski, Arkadiusz"]
[Black "Rodak , Przemyslaw"]
[Result "0-1"]
[WhiteElo "1725"]
[BlackElo "1667"]
[PlyCount "44"]
[EventDate "2013.04.10"]
[EventType "tourn"]
[EventRounds "1"]
[EventCountry "POL"]
[SourceDate "2013.04.10"]

1. f4 d5 2. Nf3 c5 3. e3 Nf6 4. Be2 Bg4 5. O-O e6 6. c3 Bd6 7. d4 O-O 8. Ne5
Bxe2 9. Qxe2 Nbd7 10. Nd2 Rc8 11. Ndf3 Ne4 12. Nd2 Ndf6 13. Rf3 a6 14. Rh3 cxd4
15. exd4 Nxd2 16. Bxd2 Ne4 17. Qh5 h6 18. Ng4 f5 19. Nxh6+ gxh6 20. Qxh6 Kf7
21. Qh7+ Ke8 22. Qg6+ Kd7 0-1